| 000 | 01189nam a22003737a 4500 | ||
|---|---|---|---|
| 001 | BR0205690 | ||
| 003 | BR-BrBNA | ||
| 005 | 20230928101210.0 | ||
| 007 | ta | ||
| 008 | 230509b bl.||||| |||| 00| 0 por d | ||
| 040 |
_aBR-BrBNA _bpor _cBiblioteca Nacional de Agricultura |
||
| 041 | _a(Por) | ||
| 072 |
_aL02; L51; Q54 _b6100 _b1980 _b0120 _b8954 |
||
| 090 | _ 6100 BR0205690 | ||
| 100 | 1 | _aAzevedo, E.V. de | |
| 110 | 1 |
_aUniversidade Federal da Paraíba, Areia (Brasil). Centro de Ciências Agrárias _0Tese (Mestrado) |
|
| 245 | 1 | _aSubstituição do milho pelo fruto triturado da algarobeira (Prosopis juliflora (S.W.)D.C.)na alimentação de frangos de corte | |
| 260 | 3 |
_aAreia, PB (Brasil): _c1988. |
|
| 300 | _a75 p. | ||
| 500 | _aSummaries (Eng, Por); 42 ref.; 34 tables; 6 illus. | ||
| 650 | _aFRANGO DE CORTE | ||
| 650 | _aALGAROBA | ||
| 650 | _aMILHO | ||
| 650 | _aRAÇÃO | ||
| 650 | _aNUTRIÇÃO ANIMAL | ||
| 650 | _aGANHO DE PESO | ||
| 650 | _aCONVERSÃO ALIMENTAR | ||
| 650 | _aCUSTO | ||
| 650 | _aANÁLISE ECONÔMICA | ||
| 650 | _aMÉTODO ESTATÍSTICO | ||
| 650 | _aCOMPOSIÇÃO QUÍMICA | ||
| 909 |
_a202309 _bLucia _c55 _dLucia Elande |
||
| 942 | _cBK | ||
| 999 |
_c64682 _d64682 |
||